书目信息 |
| 题名: |
晶体管放大与振荡电路
|
|
| 作者: | ;上海市业余工业大学 编 | |
| 分册: | ||
| 出版信息: | 北京 科学出版社 1976 |
|
| 页数: | 304页 | |
| 开本: | 19cm | |
| 丛书名: | 电子技术讲座 | |
| 单 册: | ||
| 中图分类: | TN72 | |
| 科图分类: | ||
| 主题词: | 晶体管电路 , 放大技术 , 放大器 | |
| 电子资源: | ||
| ISBN: | ||
| 000 | 00837nam2 2200289 45 | |
| 001 | 0176001092 | |
| 005 | 20060927144746.93 | |
| 010 | @dCNY0.62 | |
| 091 | @a15031.98 | |
| 100 | @a19951012d1976 em y0chiy0121 ea | |
| 101 | 0 | @achi |
| 102 | @aCN@b110000 | |
| 105 | @ay z 000yy | |
| 200 | 10 | @a晶体管放大与振荡电路@Ajing ti guan fang da yu zhen dang dian lu@f上海市业余工业大学编@Fshang hai shi ye yu gong ye da xue bian |
| 205 | @a修订本 | |
| 210 | @a北京@c科学出版社@d1976 | |
| 215 | @a304页@d19cm | |
| 225 | 2 | @a电子技术讲座@v二 |
| 410 | 0 | @120010@a电子技术讲座 |
| 606 | @a晶体管电路 | |
| 606 | 0 | @a放大技术 |
| 606 | 0 | @a放大器 |
| 690 | @aTN72@v3 | |
| 711 | 0 | @a上海市业余工业大学@Ashang hai shi ye yu gong ye da xue@4编 |
| 801 | 2 | @aCN@bNLC@c20060927 |
| 801 | 0 | @aCN@bTSSF@c20060925 |
| 905 | @a10447@dTN72@e11=2 | |
| 晶体管放大与振荡电路/上海市业余工业大学编.-修订本.-北京:科学出版社,1976 |
| 304页;19cm.-(电子技术讲座;二) |
| ISBN :CNY0.62 |
| ● |
| 相关链接 |
|
|
|
|
正题名:晶体管放大与振荡电路
索取号:TN72/11=2
 
预约/预借
| 序号 | 登录号 | 条形码 | 馆藏地/架位号 | 状态 | 备注 |
| 1 | 0009973 | 202341723 | 密集书库/ [索取号:TN72/11=2] | 在馆 | |
| 2 | 0013383 | 202341778 | 密集书库/ [索取号:TN72/11=2] | 在馆 | |
| 3 | 0017554 | 202342161 | 密集书库/ [索取号:TN72/11=2] | 在馆 | |
| 4 | 0017555 | 202342170 | 密集书库/ [索取号:TN72/11=2] | 在馆 | |
| 5 | 0420905 | 204209052 | 密集书库/ [索取号:TN72/11=2] | 在馆 | |
| 6 | 0420906 | 204209061 | 密集书库/ [索取号:TN72/11=2] | 在馆 | |
| 7 | 0420907 | 204209070 | 密集书库/ [索取号:TN72/11=2] | 在馆 | |
| 8 | 0420908 | 204209089 | 密集书库/ [索取号:TN72/11=2] | 在馆 | |
| 9 | 0420909 | 204209098 | 密集书库/ [索取号:TN72/11=2] | 在馆 | |
| 10 | 0422798 | 204227988 | 密集书库/ [索取号:TN72/11=2] | 在馆 | |
| 11 | 0423044 | 204230448 | 密集书库/ [索取号:TN72/11=2] | 在馆 | |
| 12 | 0438023 | 204380231 | 密集书库/ [索取号:TN72/11=2] | 在馆 | |
| 13 | 0458081 | 204580818 | 密集书库/ [索取号:TN72/11=2] | 在馆 | |
| 14 | 0470396 | 204703963 | 密集书库/ [索取号:TN72/11=2] | 在馆 |